Chappell Roan - Chansons de The Rise and Fall of a Midwest Princess - Statistiques

Statistiques générales
  • Ce quiz a été pris 38 fois
  • Le résultat moyen est 11 sur 14
Statistiques - réponses
Hint Réponse % Correct
The Rise and Fall of a Midwest Princess 7 HOT TO GO!
100%
The Rise and Fall of a Midwest Princess 2 Red Wine Supernova
97%
The Rise and Fall of a Midwest Princess 11 Pink Pony Club
93%
The Rise and Fall of a Midwest Princess 1 Femininomenon
90%
The Rise and Fall of a Midwest Princess 5 Casual
86%
The Rise and Fall of a Midwest Princess 3 After Midnight
79%
The Rise and Fall of a Midwest Princess 4 Coffee
79%
The Rise and Fall of a Midwest Princess 10 Kaleidoscope
76%
The Rise and Fall of a Midwest Princess 12 Naked in Manhattan
76%
The Rise and Fall of a Midwest Princess 8 My Kink Is Karma
72%
The Rise and Fall of a Midwest Princess 9 Picture You
69%
The Rise and Fall of a Midwest Princess 6 Super Graphic Ultra Modern Girl
66%
The Rise and Fall of a Midwest Princess 13 California
62%
The Rise and Fall of a Midwest Princess 14 Guilty Pleasure
59%
Aucun quiz correspondant
Distribution des résultats
% des personnes avec chaque résultat
Percentile par nombre de réponses
Votre historique - résultats
Vous n’avez pas pris ce quiz